| 000 | 00000nam 2200000za 4500 |
| 001 | 9.850966 |
| 003 | CaOODSP |
| 005 | 20221107154300 |
| 007 | cr ||||||||||| |
| 008 | 180131s2018 oncao|||o f000 0 fre d |
| 040 | |aCaOODSP|bfre |
| 043 | |an-cn--- |
| 086 | 1 |aYC19-0/421-9F-PDF |
| 110 | 1 |aCanada. |bParlement. |bSénat. |bComité permanent des transports et des communications. |
| 245 | 10|aPaver la voie |h[ressource électronique] : |btechnologie et le future du véhicule automatisé / |cL'honorable David Tkachuk, président ; l'honorable Dennis Dawson, vice-président ; l’honorable Patricia Bovey, vice-présidente. |
| 246 | 30|aTechnologie et le future du véhicule automatisé |
| 260 | |aOttawa : |bSénat, |c2018. |
| 300 | |a75 p. : |bill. en coul., photogr. en coul. |
| 490 | 1 |aRapport du Comité sénatorial permanent des Transports et des Communications ; |v[42e législature, 1re session, neuvième rapport] |
| 500 | |aPublié aussi en anglais sous le titre : Driving change : technology and the future of the automated vehicle. |
| 500 | |aTitre de la couv. |
| 500 | |a« Janvier 2018. » |
| 504 | |aComprend des références bibliographiques. |
| 520 | |a« À la demande du ministre des Transports, le Comité sénatorial permanent des transports et des communications a mené une étude intitulée « La technologie des véhicules automatisés et son avenir : Paver la voie » portant sur les questions techniques et réglementaires liées à l’arrivée des véhicules branchés et automatisés (c.-à-d. sans conducteur). Le Comité a entendu 78 témoins venant du Canada et des États-Unis, a reçu un bon nombre de mémoires écrits de la part des différents secteurs touchés et a assisté à de nombreuses démonstrations de cette technologie qui évolue rapidement »--Préface, p. 3. |
| 692 | 07|2gccst|aAutomatisation |
| 692 | 07|2gccst|aAutomobile |
| 692 | 07|2gccst|aTechnologie |
| 700 | 1 |aDawson, Dennis. |
| 700 | 1 |aBovey, Patricia. |
| 700 | 1 |aTkachuk, David. |
| 775 | 08|tDriving change |w(CaOODSP)9.850963 |
| 830 | #0|aRapport du Comité sénatorial permanent des transports et des communications ;|v[42e législature, 1re session, neuvième rapport]|w(CaOODSP)9.502812 |
| 856 | 40|qPDF|s14.17 Mo|uhttps://publications.gc.ca/collections/collection_2018/sen/yc19-0/YC19-0-421-9-fra.pdf |